Images satellites n°6 - Statistiques

Statistiques générales
  • Ce quiz a été pris 3 485 fois
  • Le résultat moyen est 9 sur 16
Statistiques - réponses
Par images Hint Réponse % Correct
monument Pyramide de Khéops
95%
monument Le Colisée
92%
plan d'eau Mer Adriatique
80%
pays Qatar
76%
plan d'eau Détroit de {Béring}
70%
pays Suisse
69%
pays Bangladesh
66%
pays Singapour
57%
plan d'eau Mer d'{Aral}
56%
ville Istanbul
55%
pays Bahamas
54%
plan d'eau Mer de {Chine} {méridionale}
47%
péninsule Indochine
46%
île Java
45%
plan d'eau Río de la Plata
8%
delta du fleuve Rivière des Perles
7%
Aucun quiz correspondant
Distribution des résultats
% des personnes avec chaque résultat
Percentile par nombre de réponses
Votre historique - résultats
Vous n’avez pas pris ce quiz